000 00636nam a2200193 a 4500
008
049 _aMAIN
090 _aTA1
_bCIV
100 1 _aCivil and Structural Engineers.
245 1 0 _aCivil and Structural Engineers:
_ba brief introduction January 1999 /
_bCivil and Structural Engineers.
260 _aHarare:
_bCivil and Structural Engineers SSCT Services,
_c1999.
300 _a13 p. :
_bcol. ill. ;
_c30 cm.
650 _aCivil engineering
_xPeriodicals.
907 _a.b10358547
_b30-09-15
_c23-07-15
003
005 20230120153126.0
040 _cNUST
942 _cBOOKS
_kTA1
_mCIV
999 _c99217
_d99217